Geographie mit 4 Buchstaben #3 - Statistiken

Allgemein
  • Dieses Quiz wurde 346 mal gespielt
  • Das Durchschnittsergebnis liegt bei 9 aus 15
Antwortstatistiken
Hinweis Antwort % Korrekt
Größte Stadt in Tschechien Prag
93%
Hauptstadt von Peru Lima
92%
Landeshauptstadt von Schleswig-Holstein Kiel
82%
Landeshauptstadt von Oberösterreich Linz
81%
2. größte Stadt in Österreich Graz
80%
Bevölkerungsreichste Stadt Nordrhein-Westfalens Köln
75%
Größte Stadt der arabischen Halbinsel Riad
66%
Land von Basra und Mosul Irak
63%
Fluss von Stettin, Ostrava und Breslau Oder
48%
Zweitgrößte Stadt der Republik Irland Cork
43%
Großstadt in Sibirien, achtgrößte Stadt Russlands mit 1.154.116 Einwohner Omsk
32%
Nationalsprache sowie Amtssprache in Pakistan Urdu
32%
Basel auf französisch Bâle
28%
3. größte Stadt in Kolumbien Cali
22%
Die nördlichste Großstadt der Europäischen Union, fünftgrößte Stadt Finnlands Oulu
18%
Keine übereinstimmenden Quizze gefunden
Verteilung der Resultate
Anzahl Personen mit jedem Resultat
Perzentil nach korrekt beantworteten Fragen
Ihre Resultats-Entwicklung
Sie haben dieses Quiz noch nicht gespielt